<?xml version="1.0" encoding="UTF-8"?>
<record
    xmlns:xsi="http://www.w3.org/2001/XMLSchema-instance"
    xsi:schemaLocation="http://www.loc.gov/MARC21/slim http://www.loc.gov/standards/marcxml/schema/MARC21slim.xsd"
    xmlns="http://www.loc.gov/MARC21/slim">

  <leader>01648cab a2200325Ia 45 0</leader>
  <controlfield tag="001">u208452</controlfield>
  <controlfield tag="003">SIRSI</controlfield>
  <controlfield tag="008">120426s2003    ua     ss b         eng d</controlfield>
  <datafield tag="040" ind1=" " ind2=" ">
    <subfield code="a">EAL</subfield>
  </datafield>
  <datafield tag="041" ind1=" " ind2=" ">
    <subfield code="a">eng</subfield>
    <subfield code="b">ara</subfield>
  </datafield>
  <datafield tag="043" ind1=" " ind2=" ">
    <subfield code="a">f-ua</subfield>
  </datafield>
  <datafield tag="090" ind1=" " ind2=" ">
    <subfield code="a">ART ZJAR V30 No5 7</subfield>
  </datafield>
  <datafield tag="100" ind1="1" ind2=" ">
    <subfield code="a">Behiry, E. M. K.</subfield>
  </datafield>
  <datafield tag="240" ind1="1" ind2="0">
    <subfield code="a">Zagazig journal of agricultural research, 2003 v. 30 (5)</subfield>
    <subfield code="h">[electronic resource].</subfield>
  </datafield>
  <datafield tag="245" ind1="1" ind2="0">
    <subfield code="a">Studies on soils of toshka region </subfield>
    <subfield code="h">[electronic resource]:</subfield>
    <subfield code="b">2- forms of inorganic phosphate in soils of Toshka region.</subfield>
  </datafield>
  <datafield tag="246" ind1="1" ind2="5">
    <subfield code="a">&#x62F;&#x631;&#x627;&#x633;&#x627;&#x62A; &#x639;&#x644;&#x649; &#x623;&#x631;&#x627;&#x636;&#x649; &#x625;&#x642;&#x644;&#x64A;&#x645; &#x62A;&#x648;&#x634;&#x643;&#x649; :</subfield>
    <subfield code="b">2-&#x635;&#x648;&#x631; &#x627;&#x644;&#x641;&#x648;&#x633;&#x641;&#x648;&#x631; &#x627;&#x644;&#x645;&#x639;&#x62F;&#x646;&#x649; &#x641;&#x649; &#x623;&#x631;&#x627;&#x636;&#x649; &#x645;&#x646; &#x645;&#x646;&#x637;&#x642;&#x629; &#x62A;&#x648;&#x634;&#x643;&#x649;.</subfield>
  </datafield>
  <datafield tag="300" ind1=" " ind2=" ">
    <subfield code="a">p.1901-1917.</subfield>
  </datafield>
  <datafield tag="504" ind1=" " ind2=" ">
    <subfield code="a">Includes references.</subfield>
  </datafield>
  <datafield tag="520" ind1=" " ind2=" ">
    <subfield code="a">Fifteen soil profiles were dug, during the 2001 year, at Toshka region and forty five soil samples were collected from layers 0-30, 30-60, and 60-90 cm. The inorganic P-fractions decreased with soil depth increases down the profile, and varied greatly along with the soil depth. The relative abundance of P-fractions in most soils is in the order: Ca-P&gt; saliod-P  Fe-P &gt; AI-P. The Ca-P was the most dominant fraction in these soil.</subfield>
  </datafield>
  <datafield tag="546" ind1=" " ind2=" ">
    <subfield code="a">Summary in Arabic.</subfield>
  </datafield>
  <datafield tag="650" ind1=" " ind2="0">
    <subfield code="a">Soils</subfield>
    <subfield code="x">Phosphorous content</subfield>
    <subfield code="z">Egypt.</subfield>
  </datafield>
  <datafield tag="651" ind1=" " ind2="0">
    <subfield code="a">T&#x16B;shkah Sharq (Egypt).</subfield>
  </datafield>
  <datafield tag="650" ind1=" " ind2="3">
    <subfield code="a">inorganic phosphorus.</subfield>
  </datafield>
  <datafield tag="700" ind1="1" ind2=" ">
    <subfield code="a">Hassanein, A. E.</subfield>
  </datafield>
  <datafield tag="700" ind1="1" ind2=" ">
    <subfield code="a">Khider, M. H.</subfield>
  </datafield>
  <datafield tag="700" ind1="1" ind2=" ">
    <subfield code="a">Abdel Latif, E. A.</subfield>
  </datafield>
  <datafield tag="773" ind1="0" ind2=" ">
    <subfield code="t">Zagazig Journal of Agricultural Research. </subfield>
    <subfield code="g">2003.v.30(5)</subfield>
    <subfield code="x">1110-0338</subfield>
    <subfield code="7">nnas</subfield>
    <subfield code="w">u158356</subfield>
  </datafield>
  <datafield tag="856" ind1="4" ind2="0">
    <subfield code="u">http://nile.enal.sci.eg/EALE/2003/ZJAR/3003/5/1901.pdf</subfield>
    <subfield code="z">Full Text Article.</subfield>
  </datafield>
  <datafield tag="596" ind1=" " ind2=" ">
    <subfield code="a">1</subfield>
  </datafield>
  <datafield tag="942" ind1=" " ind2=" ">
    <subfield code="c">AR</subfield>
    <subfield code="2">lcc</subfield>
  </datafield>
  <datafield tag="999" ind1=" " ind2=" ">
    <subfield code="c">58214</subfield>
    <subfield code="d">58214</subfield>
  </datafield>
</record>
